000 00402nam a2200121Ia 4500
008 231129s1982||||xx |||||||||||||| ||spa||
040 _bs.l
082 _a759.5 M636m
245 0 _aMiguel Angel y Rafael: con Botticelli - Perugino Signorelli - Ghirlandaio y Roselli en el Vaticano: Toda la Capilla Sixtina las Estancias y los Porticos
260 _c1982
264 _a[s.l. : s.n.]
942 _2ddc
_cBKS
999 _c21199
_d21199